| 000 | 00862nam0a22002531 4500 | ||
|---|---|---|---|
| 001 | rc\3904081 | ||
| 005 | 20250611015035.0 | ||
| 021 |
_aRU _b[55-10201] |
||
| 035 | _a(NLR Aleph) 008015563 | ||
| 090 |
_a8727886 _c8727886 |
||
| 100 | _a20130415d1955 |||y0rusy50 ca | ||
| 101 | 0 | _arus | |
| 102 | _aRU | ||
| 105 | _aa z ||||| | ||
| 200 | 1 |
_aБиотермический нагреватель воды _e[Для животноводческих ферм] _fУпр. с.-х. пропаганды Великолук. облсельхозупр. |
|
| 210 |
_aВеликие Луки _cБ. и. _d1955 |
||
| 215 |
_a20 с. _cчерт. _d20 |
||
| 606 |
_aНагреватели биотермические _2psbo |
||
| 700 | 1 |
_aБушин _bС.С. |
|
| 801 | 0 |
_aRU _bNLR _gpsbo |
|
| 801 | 1 |
_aRU _bELAR _2rusmarc |
|
| 852 |
_aNLR _jС20 Г-4/2976 |
||
| 942 | _cBOOK | ||
| 980 | _aNB | ||